00288 a2200097 450000500170000002000180001710000160003524500260005126000630007730000500014020250716145955.0 a9987-9103-2-7 aBAKAR, R. B aInternational Finance aMorogorobFirst Contact Business and Risk Analysts c2013. axii,810p.: ill.; figures, tablesbIndexc27cm